Κατάλογος Βιβλιοθηκών Mediterranean College

Να ζεις, ν' αγαπάς και να μαθαίνεις : (Record no. 10074)

MARC details
000 -LEADER
fixed length control field 02571nam a22002657a 4500
003 - ΤΑΥΤΟΤΗΤΑ ΤΟΥ ΑΡΙΘΜΟΥ ΕΛΕΓΧΟΥ
Πεδίο ελέγχου GR-AtMCL
005 - ΗΜΕΡΟΜΗΝΙΑ ΚΑΙ ΩΡΑ ΤΕΛΕΥΤΑΙΑΣ ΕΝΗΜΕΡΩΣΗΣ
Πεδίο ελέγχου 20260122150130.0
006 - FIXED-LENGTH DATA ELEMENTS--ADDITIONAL MATERIAL CHARACTERISTICS
Πεδίο ελέγχου σταθερού μήκους a|||||r|||||||||||
008 - FIXED-LENGTH DATA ELEMENTS--GENERAL INFORMATION
Πεδίο ελέγχου σταθερού μήκους s19822023gr |||g 000 gre d
020 ## - ISBN
ISBN 9789602751817
040 ## - ΠΗΓΗ ΚΑΤΑΛΟΓΟΓΡΑΦΗΣΗΣ
Φορέας πρωτότυπης καταλογογράφησης MC Athens Campus Library
Γλώσσα καταλογογράφησης Ελληνικά, Μοντέρνα (1453-)
Φορέας μεταγραφής GRAtEVE
Modifying agency MC Athens Campus Library
Κανόνες περιγραφικής καταλογογράφησης AACR2
041 1# - ΓΛΩΣΣΑ
Κωδικός γλώσσας πρωτότυπου Αγγλικά
100 ## - MAIN ENTRY--PERSONAL NAME
Personal name Buscaglia, Leo F.
9 (RLIN) 10282
245 10 - ΤΙΤΛΟΣ ΚΑΙ ΔΗΛΩΣΗ ΥΠΕΥΘΥΝΟΤΗΤΑΣ
Τίτλος Να ζεις, ν' αγαπάς και να μαθαίνεις :
Remainder of title Ψυχολογία καθημερινής συμπεριφοράς /
Statement of responsibility, etc. Λέο Μπουσκάλια ; μετάφραση Μαρίνα Λώμη
260 ## - PUBLICATION, DISTRIBUTION, ETC.
Place of publication, distribution, etc. Αθήνα :
Name of publisher, distributor, etc. Γλάρος,
Date of publication, distribution, etc. 1982
300 ## - PHYSICAL DESCRIPTION
Extent 303 σ. ;
Διαστάσεις 21 εκ.
490 1# - SERIES STATEMENT
Δήλωση σειράς Ανθρωπιστικές επιστήμες ;
Προσδιορισμός τόμου σειράς ή υποσειράς 19
500 ## - GENERAL NOTE
Γενική σημείωση Τίτλος πρωτοτύπου : Living, loving and learning
520 ## - SUMMARY, ETC.
Summary, etc. Το «Να ζεις, ν' αγαπάς και να μαθαίνεις» είναι ένα από τα καλύτερα και πιο πολυδιαβασμένα βιβλία του Λέο Μπουσκάλια. Είναι ένας ολόκληρος θησαυρός και μια ατέλειωτη πηγή έμπνευσης, θάρρους και αποφασιστικότητας για όλους όσους αναζητούν μια καινούρια διάσταση στην προσωπικότητά τους και στη ζωή τους μέσα από τους δρόμους της κατανόησης και της αγάπης. Καθηγητής της παιδαγωγικής στο Πανεπιστήμιο της Νότιας Καλιφόρνιας, ψυχολόγος και συναρπαστικός ομιλητής, ο Μπουσκάλια σε καθηλώνει και σε μεταμορφώνει με τα βιβλία του, που όλα σχεδόν πηγάζουν από ομιλίες, διαλέξεις και ελεύθερες συζητήσεις μέσα και έξω από τις πανεπιστημιακές αίθουσες, «φωνάζει, μιμείται, γελά, δακρύζει και κλαίει», γράφει ένας σχολιαστής και συμπληρώνει: «Το να παρακολουθείς τον Μπουσκάλια να μιλά είναι σα να κουβεντιάζεις μ' έναν παλιό φίλο πάνω σ' ένα κοινό και ποθητό θέμα».
650 #0 - SUBJECT ADDED ENTRY--TOPICAL TERM
Topical term or geographic name entry element Ψυχολογία
9 (RLIN) 9898
653 ## - INDEX TERM--UNCONTROLLED
Μη ελεγχόμενοι όροι Λογοτεχνία
830 #0 - SERIES ADDED ENTRY--UNIFORM TITLE
Ομοιόμορφος τίτλος Ανθρωπιστικές επιστήμες ;
Volume/sequential designation 19
942 ## - ADDED ENTRY ELEMENTS (KOHA)
Koha item type Books
Holdings
Τύπος τεκμηρίου Βιβλιοθήκη Τρέχουσα τοποθεσία Barcode Αριθμός εισαγωγής Ημερομηνία απόκτησης Ταξιθετικό σύμβολο Αριθμός αντιτύπου Κατάσταση απόσυρσης Κατάσταση χαμένου Κατάσταση κατεστραμμένου Μη δανεισμός Σύνολο δανεισμών Ημερομηνία τελευταίας εμφάνισης Η τιμή ισχύει από
Books MC Athens Campus Library MC Athens Campus Library 9780000100818 8265 22/01/2026 158.1 BUS 1           22/01/2026 22/01/2026

MC Athens Campus Library
Πατησίων 94 & Κοδριγκτώνος 13, 104 34
Πελλήνης 8 & Πατησίων 107, 112 51
Τ: +30 210 8899600

MC Thessaloniki Campus Library
Ίωνος Δραγούμη 21, 54625 | Ίωνος Δραγούμη 15, 54625
Τ: +30 2310 287779 – Τ: +30 2314 440300